Obras públicas : (Record no. 904)

MARC details
000 -LÍDER
Campo Fixo de Controle 01020nam a2200289 a 4500
001 - NÚMERO DE CONTROLE
Campo de Controle 904
003 - IDENTIFICAÇÃO DO NÚMERO DE CONTROLE
Campo de Controle BR-CuiBMT
005 - DATA E HORA DA ÚLTIMA ATUALIZAÇÃO
Campo de Controle 20231201050405.0
008 - DADOS FIXOS
Dados Fixos 230919s2007 mgba 000 0 por d
020 ## - INTERNATIONAL STANDARD BOOK NUMBER
Nº do ISBN 9788577000357
040 ## - AGÊNCIA CATALOGADORA
Código da Agência Catalogadora BR-CuiBMT
Agência que transcreveu o registro BR-CuiBMT
080 ## - Nº DA CLASSIFICAÇÃO DECIMAL UNIVERSAL
Nº Class. CDU 351.712
Nº edição CDU 2007
090 ## - NÚMERO DE CHAMADA
Nº classificação 351.712
Cutter A469o
100 1# - ENTRADA PRINCIPAL -- AUTOR PESSOAL
Nome pessoal Altounian, Cláudio Sarian
245 10 - TÍTULO PRINCIPAL
Título principal Obras públicas :
Subtítulo licitação, contratação, fiscalização e utilização /
Indicação de responsabilidade Cláudio Sarian Altounian ; prefácio Marcos Vinicios Vilaça.
260 ## - PUBLICAÇÃO, DISTRIBUIÇÃO, ETC.
Local de publicação Belo Horizonte :
Editora Fórum,
Data 2007.
300 ## - DESCRIÇÃO FÍSICA
N. páginas ou volumes 285 p. ;
Dimensões 24 cm
500 ## - NOTAS GERAIS
Notas gerais Informação retirada da folha de rosto: Atualizado até a Lei nº 11.439/06.
504 ## - NOTA DE BIBLIOGRAFIA, ETC.
Nota de bibliografia Inclui bibliografia.
590 ## - NOTA LOCAL
Nota local A Biblioteca possui a 2. reimpr. 2008.
650 ## - ASSUNTO TÓPICO
Cabeçalho tópico ou nome geográfico Direito administrativo
Subdivisão geográfica Brasil
650 ## - ASSUNTO TÓPICO
Cabeçalho tópico ou nome geográfico Cronograma físico-financeiro
650 ## - ASSUNTO TÓPICO
Cabeçalho tópico ou nome geográfico Obras públicas
Subdivisão geral Contratação
Subdivisão geográfica Brasil
650 ## - ASSUNTO TÓPICO
Cabeçalho tópico ou nome geográfico Contratação direta
650 ## - ASSUNTO TÓPICO
Cabeçalho tópico ou nome geográfico Obras públicas
Subdivisão geográfica Auditoria
942 ## - ELEMENTOS DE ENTRADA ADICIONAIS (KOHA)
Fonte de classificação ou esquema de arquivamento Classificação Decimal Universal
Tipo de item do Koha Livros
Holdings
Estado: removido Estado: perdido Fonte de classificação ou esquema de arquivamento Estado: danificado Indisponível para empréstimo Localização permanente Localização atual Data de aquisição Total Checkouts Número de Chamada completo Código de barras Date last seen Número do exemplar Preço efetivo a partir de Tipo de item (Koha) Nota pública
    Classificação Decimal Universal     Biblioteca da Escola Superior de Contas do TCE/MT Biblioteca da Escola Superior de Contas do TCE/MT 23/09/2008   351.712 A469o BIBTCEMT23110894 22/11/2023 Ex. 1 22/11/2023 Livros 2. reimpr. 2008

Powered by Koha